Statistiques concernant Paroles en 45 secondes : La Chanson des Restos - Les Enfoirés

Cliquez ici pour prendre le quiz!

Statistiques générales

  • Ce quiz a été pris 124 fois
  • Le résultat moyen est 33 sur 57

Statistiques - réponses

Réponse% Correct
à
100%
à
100%
a
100%
à
100%
à
100%
d'
98%
d'
98%
le
97%
le
97%
le
97%
n'
97%
on
95%
Aujourd'hui
93%
droit
93%
plus
93%
avoir
92%
avoir
92%
faim
92%
froid
90%
Ni
89%
ni
89%
soi
72%
chacun
70%
je
70%
je
70%
Je
70%
pour
69%
de
67%
de
67%
pense
62%
pense
62%
toi
59%
moi
56%
Dépassé
52%
pas
48%
Quand
41%
te
36%
promets
28%
grand
26%
manger
21%
soir
21%
Un
21%
juste
20%
les
20%
les
20%
Mais
20%
boire
18%
et
18%
et
18%
peu
16%
pain
13%
chaleur
10%
du
8%
restos
8%
restos
8%
cœur
7%
dans
7%

Distribution des résultats

Percentile par nombre de réponses

% des personnes avec chaque résultat

Votre développement - résultats

Vous n’avez pas pris ce quiz